| 000 | 01820cam a22003254a 4500 | ||
|---|---|---|---|
| 001 | 13512757 | ||
| 005 | 20061101084853.0 | ||
| 008 | 040305s2005 maua | b 001 0 eng d | ||
| 010 | _a 2004042608 | ||
| 020 | _a0072868457 (alk. paper) | ||
| 020 | _a9780072868456 | ||
| 040 |
_aDLC _cDLC _dDLC |
||
| 042 | _apcc | ||
| 050 | 0 | 0 |
_aTS155.6 _b.Z455 2005 |
| 082 | 0 | 0 |
_a670.285 _222 _bZEI |
| 100 | 1 |
_aZeid, Ibrahim. _913401 |
|
| 245 | 1 | 0 |
_aMastering CAD/CAM / _cIbrahim Zeid. |
| 260 |
_aBoston : _bMcGraw-Hill Higher Education, _cc2005. |
||
| 300 |
_axxviii, 962 p. : _bill. ; _c24 cm. |
||
| 504 | _aIncludes bibliographical references and index. | ||
| 650 | 0 |
_aCAD/CAM systems. _913402 |
|
| 856 | 4 | 2 |
_3Publisher description _uhttp://www.loc.gov/catdir/enhancements/fy0702/2004042608-d.html |
| 856 | 4 | 1 |
_3Table of contents only _uhttp://www.loc.gov/catdir/enhancements/fy0702/2004042608-t.html |
| 942 |
_2ddc _cBB |
||
| 999 |
_c10998 _d10998 |
||